Welcome to CU Library Online Public Access Catalogue (OPAC)

Manual of Osteopathic Technique (Record no. 8013)

MARC details
000 -LEADER
fixed length control field 00421nam a22001577a 4500
005 - DATE AND TIME OF LATEST TRANSACTION
control field 20251103193727.0
008 - FIXED-LENGTH DATA ELEMENTS--GENERAL INFORMATION
fixed length control field 251103b |||||||| |||| 00| 0 eng d
020 ## - INTERNATIONAL STANDARD BOOK NUMBER
International Standard Book Number 0091439507
050 ## - LIBRARY OF CONGRESS CALL NUMBER
Classification number RZ341.072 STO
100 ## - MAIN ENTRY--PERSONAL NAME
Personal name Stoddard, Alan
245 ## - TITLE STATEMENT
Title Manual of Osteopathic Technique
Statement of responsibility, etc. Alan Stoddard
250 ## - EDITION STATEMENT
Edition statement 3rd ed.
260 ## - PUBLICATION, DISTRIBUTION, ETC.
Place of publication, distribution, etc. London
Name of publisher, distributor, etc. Hutchinson
Date of publication, distribution, etc. 1983
300 ## - PHYSICAL DESCRIPTION
Extent 275p.
Other physical details ill.
Dimensions 24cm
942 ## - ADDED ENTRY ELEMENTS (KOHA)
Source of classification or shelving scheme Library of Congress Classification
Koha item type Books
Edition 3rd ed.
Suppress in OPAC No
999 ## -
-- 8013
-- 8013
Holdings
Withdrawn status Lost status Source of classification or shelving scheme Damaged status Not for loan Collection Home library Current library Shelving location Date acquired Total checkouts Full call number Barcode Date last seen Copy number Price effective from Koha item type
    Library of Congress Classification     Non-fiction Science Library (Miotso) Science Library (Miotso) General stacks 11/03/2025   RZ341.072 STO SLM00005194 11/03/2025 1 11/03/2025 Books
© 2023-2024 Copyright: Central University Libraries. All Rights Reserved | Created by: Mahone Tech Office